| 000 | 00388 a2200133 4500 | ||
|---|---|---|---|
| 001 | 91527 | ||
| 082 | _aPK 1481 | ||
| 090 |
_c43662 _d43661 |
||
| 100 | _aMohammad Afzal; Prof Farooq-E-Azam, Advisor | ||
| 245 |
_aTo Develop PIC Microcontroller to PC Interface Through Universal Serial Bus _n57 "B" EC |
||
| 260 |
_aRawalpindi _bNUST _c2003 |
||
| 300 | _a58p | ||
| 500 | _aBE Project Reports | ||
| 942 |
_aCAE NUST _kPK 1481 |
||
| 999 |
_c326600 _d326600 |
||